Το Αρχαιολογικό Μουσείο Θεσσαλονίκης

Αποθηκεύτηκε σε:
Λεπτομέρειες βιβλιογραφικής εγγραφής
Κύριος συγγραφέας: Γραμμένος, Δημήτριος Β.
Μορφή: Βιβλίο
Γλώσσα:Greek
Δημοσίευση: Αθήνα : Ίδρυμα Ι.Σ. Λάτση, 2004
Θέματα:
Ετικέτες: Προσθήκη ετικέτας
Δεν υπάρχουν, Καταχωρήστε ετικέτα πρώτοι!

MARC

LEADER 00000cam a2200000 i 4500
001 1/28333
008 060417s2004 gre d
020 |a 960-86743-5-2 
035 |l 10083627 
040 |a GR-MY-UA  |b gre  |e aacr 
041 0 |a gre 
082 0 |a 708.949565  |2 (22) 
100 1 |a Γραμμένος, Δημήτριος Β. 
245 1 3 |a Το Αρχαιολογικό Μουσείο Θεσσαλονίκης /  |c Δημήτριος Β. Γραμμένος 
260 |a Αθήνα :   |b Ίδρυμα Ι.Σ. Λάτση,   |c 2004 
300 |a 378 σ.;  |b έγχρ. εικ.;  |c 35 εκ. 
610 2 0 |a Αρχαιολογικό Μουσείο Θεσσαλονίκης. 
650 0 |a Archaeological museums and collections   |z Greece  |z Thessalonike. 
852 |a INST  |b SYROS  |e 20060417  |h 708.949565 ΓΡΑ  |p 005500004889  |q 005500004889  |t BK  |y 0 
901 |a BIBL5-2006-1 
909 |a Ε  |b 117441 
970 |a ΚΑΓΙΑΒΑ  |b ΕΙΡΗΝΗ  |z 2006/04/17